000
00247nam a2200097Ia 4500
008
230508s1990 xx 000 0 und d
041
_a
eng
100
_a
H.M. DEITEL
245
_a
OPERATING SYSTEMS 2ND EDITION
260
_b
ADDISON WESLEY PUBLI
_c
1990
999
_c
320856
_d
320856